书目信息 |
| 题名: |
斯大林的生平
|
|
| 作者: | 本社编 | |
| 分册: | ||
| 出版信息: | 北京 青年出版社 1953 |
|
| 页数: | 69页 | |
| 开本: | 20cm | |
| 丛书名: | ||
| 单 册: | ||
| 中图分类: | A74 | |
| 科图分类: | ||
| 主题词: | 斯大林--生平事迹 , 斯大林--传记 | |
| 电子资源: | ||
| ISBN: | ||
| 000 | 00469nam0 2200181 450 | |
| 001 | 0634508530 | |
| 005 | 20060725093651.89 | |
| 010 | @dCNY0.24 | |
| 100 | @a20060725d1953 km y0chiy0120 ea | |
| 101 | 0 | @achi |
| 200 | 1 | @a斯大林的生平@Asi da lin de sheng ping@f本社编@Fben she bian |
| 210 | @a北京@c青年出版社@d1953 | |
| 215 | @a69页@d20cm | |
| 606 | 0 | @a斯大林@x生平事迹 |
| 606 | 0 | @a斯大林@x传记 |
| 690 | @aA74@v3 | |
| 801 | 0 | @aCN@bPFT@c20060725 |
| 905 | @a10447@dA74@e125 | |
| 斯大林的生平/本社编.-北京:青年出版社,1953 |
| 69页;20cm |
| ISBN :CNY0.24 |
| ● |
| 相关链接 |
|
|
|
|
正题名:斯大林的生平
索取号:A74/125
 
预约/预借
| 序号 | 登录号 | 条形码 | 馆藏地/架位号 | 状态 | 备注 |
| 1 | 0426090 | 204260904 | 密集书库/ [索取号:A74/125] | 在馆 |